| 000 | 01223nam a22002895i 4500 | ||
|---|---|---|---|
| 001 | 19328124 | ||
| 005 | 20180412141828.0 | ||
| 008 | 161005s2017 cau 000 0 chi | ||
| 010 | _a 2016955884 | ||
| 020 | _a1-931966-64-8 | ||
| 040 |
_aDLC _beng _erda _cDLC |
||
| 041 | _aEnglish | ||
| 100 | 1 | _a遠志明 Yuan, Zhiming. | |
| 245 | 1 | 0 |
_aMissionary = 宣教士 : _c遠志明 Yuan Zhiming, 陳上宇 Chen Shangyu _ba historical study of the gospel into China = 福音入華史簡明教程 / |
| 260 |
_aRohnert Park, CA: _b神州傳播協會 China Soul for Christ Foundation, _c2016, |
||
| 300 |
_a155 pages, illustrations ; _eChinese book; Chinese and English USB + 21 cm + 3 DVDs (4 3/4 in.) _b21 cm |
||
| 500 | _aSet of 1 English book with USB containing video material and 1 Chinese book with USB containing video material. | ||
| 500 | _aAccompanied by 3 videodiscs. | ||
| 505 | _aBook One, Knock -- Book Two, Plant -- Book Three, Shine | ||
| 650 |
_aMissionaries _zChina |
||
| 650 |
_aMissions _zChina |
||
| 655 | _abook and video-recording | ||
| 700 | _a陳上宇 Chen Shangyu | ||
| 700 | _a[Executive producer] 謝文杰 Hsieh Wen Jia | ||
| 700 | _a[Advisor] 王永信 Thomas Wang | ||
| 942 |
_2lcc _cDVD |
||
| 999 |
_c41331 _d41331 |
||